Lyrics to 'Nothing Left' by Bruno Mars - Statistics

General Stats
  • This quiz has been taken 38 times
  • The average score is 162 of 244
Answer Stats
Answer % Correct
left
100%
no
100%
nothing
100%
I
88%
"I
88%
You
88%
you"
88%
you
88%
and
75%
And
75%
baby
75%
been
75%
But
75%
but
75%
I'm
75%
in
75%
it
75%
It
75%
just
75%
love
75%
my
75%
on
75%
say
75%
so
75%
that
75%
the
75%
The
75%
your
75%
All
63%
burn
63%
days
63%
do
63%
don't
63%
Don't
63%
Feels
63%
feels
63%
fire
63%
for
63%
go
63%
gone
63%
hit
63%
hold
63%
is
63%
know
63%
let
63%
light
63%
long
63%
lost
63%
our
63%
out
63%
reach
63%
reaching
63%
same
63%
these
63%
this
63%
to
63%
together
63%
up
63%
used
63%
wanna
63%
we
63%
We
63%
when
63%
With
63%
alone
50%
away
50%
built
50%
called
50%
can't
50%
change
50%
come
50%
eyes
50%
face
50%
fade
50%
find
50%
girl
50%
got
50%
gotta
50%
home
50%
kills
50%
like
50%
looking
50%
magic
50%
make
50%
maybe
50%
me
50%
need
50%
never
50%
of
50%
seem
50%
smile
50%
something's
50%
Something's
50%
somewhere
50%
think
50%
thinking
50%
those
50%
Thought
50%
words
50%
would
50%
slip
38%
No matching quizzes found
Score Distribution
Percent of People with Each Score
Percentile by Number Answered
Your Score History
You have not taken this quiz